LEADER 01191nam a2200289 i 4500 001 000000165855 003 CaOOAMICUS 005 20071204000000.0 008 071204s2004 it u000 u ita u 013 $a143223 020 $a88-401-3799-8 040 $aSeMil$bita 100 1 $aVendemiati, Aldo,$c.$0(OLS)http://semarc/name/38041 245 10$aIn prima persona :$blineamenti di etica generale /$cAldo Vendemiati. 250 $a2. ed. ampliata. 260 $aRoma :$bUrbaniana University Press,$ccopyr. 2004. 300 $a167 p. ;$c24 cm. 490 0 $aManuali. Filosofia ;$v14 500 $aContiene : Bibliografia. 650 4$aEtica - Manuali.$0(OLS)http://semarc/subject/447 830 0$aManuali. Filosofia ;$v14.$0(OLS)http://semarc/title/24852 850 $aSeMil 852 $aSeMil$W1$xVenegono$y1$m2P III 500$j117027$B117027$CSeMilBibl$Z2$F129893 $81 961 $aAcquisto: Urbaniana University Press 996 $6020$a88-401-3799-8$9(OLS)http://semarc/number/152259 996 $6245$aIn prima persona :$blineamenti di etica generale$9(OLS)http://semarc/title/125572 996 $6260$aRoma :$bUrbaniana University Press$9(OLS)http://semarc/publisher/30426 LEADER 01424nam a2200277 4500 001 000000349831 003 CaOOAMICUS 005 20220329123613.0 008 220329s1993 xxk 000 u eng r 020 $a0-334-01534-0 040 $aSeMil$bita 100 1 $aMayes, Andrew David Hastings,$d<1943- >.$0(OLS)http://semarc/name/115684 245 14$aThe story of Israel between settlement and exile :$ba redactional study of the Deuteronomistic history /$cA.D.H. Mayes. 264 1$aLondon :$bSCM Press,$c1993. 300 $aix, 202 p. ;$c21 cm 504 $aBibliography, p. 179-184 650 4$aEbrei - Storia - 586 a.C.-70 d.C.$0(OLS)http://semarc/subject/36333 650 4$aBibbia - AT - Storiografia.$0(OLS)http://semarc/subject/4670 650 4$aBibbia. Antico Testamento. Deuteronomio - Storia.$0(OLS)http://semarc/subject/51980 650 4$aBibbia. Antico Testamento. Libri storici - Commentari, studi, critica, interpretazioni.$0(OLS)http://semarc/subject/4852 850 $aSeMil 852 $aSeMil$W1$xVenegono$y1$m2Y III 279$j232201$B240870$CSeMilBibl$Z2$F240870 $81 996 $6020$a0-334-01534-0$9(OLS)http://semarc/number/295567 996 $6245$aThe story of Israel between settlement and exile :$ba redactional study of the Deuteronomistic history$9(OLS)http://semarc/title/439474 996 $6264$aLondon :$bSCM Press$9(OLS)http://semarc/publisher/34364